Manual de derecho de las comunidades europeas.

Gardado en:
Detalles Bibliográficos
Autor Principal: Catalano, Nicola (autor)
Outros autores: Ayerra, Marino, tr (autor) tr, (autor)
Formato: Libro
Idioma:Lingua castelá
Series:(Integración económica latinoamericana)
Temas:
Etiquetas: Engadir etiqueta
Sen Etiquetas, Sexa o primeiro en etiquetar este rexistro!

MARC

LEADER 00000cam^a2200000uu^4500
001 000486275
005 20250521000000.0
008 030409s1966^^^^^^^^^^^^rd^r^^000^0^spa^d
009 20260310125217.952
035 |a FCE 000029399 
035 |a FCE 030386 
037 |a Acervo ITESO - Biblioteca 
041 |a spa 
082 0 4 |a 341.494  |b CATm 
100 |a Catalano, Nicola  |e (autor) 
245 1 0 |a Manual de derecho de las comunidades europeas. 
264 |a México :  |b INTAL : BID,  |c 1966. 
300 |a 755 p. 
336 |a texto  |b txt  |2 rdacontenido 
337 |a sin mediación  |b n  |2 rdamedio 
338 |a volumen  |b nc  |2 rdasoporte 
440 0 |a (Integración económica latinoamericana) 
610 |a Comunidad Económica Europea 
649 |a XX 
650 |a Manual 
650 |a Economía 
650 |a Recursos humanos 
650 |a Legislación 
650 |a Derecho 
650 |a Comercio 
650 |a Comunidad 
650 |a Recursos naturales 
650 |a Fuentes de energía 
650 |a Europa 
700 |a Ayerra, Marino,  |e tr  |e (autor) 
910 |a Fondo Centro de Estudios Educativos 
920 |a Impresos - Libros 
930 |a Fondos Especiales 
905 |a 133 
901 |a ALE030386  |b IT2  |c CEE  |u 20250521 
902 |a https://opac.biblio.iteso.mx/vufind/Record/000486275